Statistics for Random Airport Codes

Click here to take the quiz!

General Stats

  • This quiz has been taken 780 times
  • The average score is 18 of 30

Answer Stats

HintAnswer% Correct
San Francisco International AirportSFO
93%
London Heathrow International AirportLHR
89%
Amsterdam Schiphol International AirportAMS
88%
Charles de Gaulle International AirportCDG
88%
Frankfurt am Main International AirportFRA
85%
Chicago O'Hare International AirportORD
83%
Dallas Fort Worth International AirportDFW
81%
Athens International AirportATH
79%
Vienna International AirportVIE
79%
Beijing Capital International AirportPEK
76%
Cape Town International AirportCPT
71%
Toronto Pearson International AirportYYZ
70%
Narita International AirportNRT
67%
Zurich International AirportZRH
66%
Leonardo Da Vinci-Fiumicino International AirportFCO
62%
Vancouver International AirportYVR
62%
Dulles International AirportIAD
55%
Incheon International AirportICN
53%
George Bush Intercontinental HoustonIAH
52%
Ataturk International AirportIST
50%
Sao Paulo-Guarulhos International AirportGRU
48%
Stockholm Arlanda International AirportARN
45%
Shanghai Pudong International AirportPVG
43%
Suvarnabhumi International AirportBKK
42%
Sheremetyevo International AirportSVO
36%
Guangzhou Baiyun International AirportCAN
33%
Soekarno-Hatta International AirportCGK
22%
Ministro Pistarini International AirportEZE
18%
Baghdad International AirportBGW
14%
Hazrat Shahjalal International AirportDAC
8%

Score Distribution

Percentile by Number Answered

Percent of People with Each Score

Your Score History

You have not taken this quiz